000 00960nam0a22002771 4500
001 RU\NLR\A1SV\81992
005 20251203171251.9
035 _a(NLR Aleph) 009763419
090 _a10027826
_c10027826
100 _a20070912d1926 u y0rusy50 ca
101 1 _arus
_ceng
102 _aRU
200 1 _aУ голубого озера
_e[Роман]
_fУильям Локк, William J. Locke
_gПер. А.Даманской
210 _aЛ.
_cМысль
_d1926
215 _a212 с.
_d17 см
300 _aПер. также под загл.: "Над голубым озером", "Сумерки жизни"
620 _dСанкт-Петербург
700 1 _aЛокк
_bУ.Д.
_f1863-1930
_gУильям Джон
702 1 _aДаманская
_bА.Ф.
_f1877-1959
_gАвгуста Филипповна
801 0 _aRU
_bNLR
_c20070912
852 _aNLR
_j19/406
899 _aКирОУНБ
942 _cBOOK
980 _aNB
980 _aA1SV